Чаплина М. М.

Доступно только в Электронных читальных залах Найти на картеНа карте
RUSMARC
00003826nac2a22002891x 450
0017530994c-4209-4443-8b27-26887f99a663
00520131119111614.0
100##$a20130605l1916 k y0rusy50 ca
1010#$arus
102##$aRU
105##$ay z |||||
1220#$ad19160606
2001#$aЧаплина М. М.
$j6 июня 1916
215##$a2 листа
251##$cДело
300##$aЗаголовок дела на папке: Письмо Чаплина М. М. Кони Анатолию Федоровичу
300##$a1 письмо
300##$aРукописный текст
330##$aПереписка А. Ф. Кони; Письма к А. Ф. Кони
461#0$10013a54f2e3-e9cf-409b-80fa-f0a9bd3c40cb
$12001
$aКони Анатолий Федорович, юрист, литератор, член академии наук, председатель Санкт-Петербургского окружного суда, член государственного совета
$1251
$cФонд
$1852
$j564
462#0$100178a475cd-a47d-4377-bff3-cee4b81de655
$12001
$aОпись дел фонда А. Ф. Кони за 1880-1931 гг.
$1251
$cОпись
$1852
$j1
517##$aПисьмо Чаплина М. М. Кони Анатолию Федоровичу
600#1$aКони
$bА. Ф.
$f1844-1927
$gАнатолий Федорович
600#1$aЧаплин
$bМ. М.
801#0$aRU
$bGA_RF
801#1$aRU
$bНПО Опыт
$c20130605
$2rusmarc
801#2$aRU
$bПБ им. Б.Н. Ельцина
$c20131119
$gRCR
$2rusmarc
852##$aГА РФ
$j3638
937##$d41804009
$hПБ
035##$aRuPRLIB51006264
Формат отображения